Bad Bunny - Un Verano Sin Ti Album - Statistics

General Stats
  • This quiz has been taken 806 times
  • The average score is 15 of 23
Answer Stats
# Track Name % Correct
1 Moscow Mule
88%
4 Tití Me Preguntó
84%
21 Un Verano Sin Ti
83%
23 Callaíta
74%
19 Andrea
72%
3 Me Porto Bonito
70%
7 Tarot
70%
14 Ojitos Lindos
68%
11 Party
67%
18 Un Coco
67%
8 Neverita
66%
2 Después de la Playa
64%
22 Agosto
61%
10 Efecto
61%
9 La Corriente
59%
16 El Apagón
57%
13 Enséñame a Bailar
56%
17 Otro Atardecer
56%
12 Aguacero
55%
15 Dos Mil 16
53%
6 Yo No Soy Celoso
53%
20 Me Fui de Vacaciones
51%
5 Un Ratito
50%
No matching quizzes found
Score Distribution
Percent of People with Each Score
Percentile by Number Answered
Your Score History
You have not taken this quiz